000
00415nam a22001337a 4500
020
_a
9789327219951
082
_a
332.1
100
_a
Paul R. R
245
_a
Money, banking, and public finance
260
_a
Ludhiana
_b
Kalyani publishers
_c
2004
300
_a
249p
942
_c
BK
999
_c
3520
_d
3520